Molecular physics : (Record no. 29248)

000 -LEADER
fixed length control field 00573 a2200169 4500
020 ## - INTERNATIONAL STANDARD BOOK NUMBER
International Standard Book Number 1842653490
020 ## - INTERNATIONAL STANDARD BOOK NUMBER
International Standard Book Number 9781842653494
082 04 - DEWEY DECIMAL CLASSIFICATION NUMBER
Classification number 539.12
090 ## - LOCALLY ASSIGNED LC-TYPE CALL NUMBER (OCLC); LOCAL CALL NUMBER (RLIN)
-- 618
-- 618
100 1# - MAIN ENTRY--PERSONAL NAME
Personal name Sinha, S. K.
245 10 - TITLE STATEMENT
Title Molecular physics :
Remainder of title kinetic theory and thermodynamics /
Statement of responsibility, etc. S. K. Sinha, T. K. Dey.
260 ## - PUBLICATION, DISTRIBUTION, ETC.
Place of publication, distribution, etc. [S.l.] :
Name of publisher, distributor, etc. Alpha Science Intl Ltd,
Date of publication, distribution, etc. 2006.
300 ## - PHYSICAL DESCRIPTION
Extent 521 p. ;
Dimensions 25 cm.
700 1# - ADDED ENTRY--PERSONAL NAME
Personal name Dey, T. K.
942 ## - ADDED ENTRY ELEMENTS (KOHA)
Institution code [OBSOLETE] SNS
Koha item type Book
Call number prefix 539.12 SIN
Holdings
Withdrawn status Lost status Damaged status Not for loan Permanent Location Current Location Date acquired Total Checkouts Full call number Barcode Date last seen Price effective from Koha item type
        School of Natural Sciences (SNS) School of Natural Sciences (SNS) 05/26/2016   539.12 SIN SNS0000768 05/26/2016 05/26/2016 Book
© 2023 Central Library, National University of Sciences and Technology. All Rights Reserved.